| 000 | 00475nam a2200157 i 4500 | ||
|---|---|---|---|
| 001 | 52360 | ||
| 003 | ES-MaACL | ||
| 005 | 20250929063117.0 | ||
| 007 | t| | ||
| 008 | 030828s1908 sp ||||1| spa d | ||
| 100 | 1 |
_aChaves, Manuel, _d1870-1914 _938263 |
|
| 245 | 1 | 0 |
_aSevilla en le centenario de la independencia / _cManuel Chaves. |
| 260 |
_aSevilla : _b[s.n., _c1908] ( _fImp. de Juan Pérez Genovés) |
||
| 852 |
_aES-MaACL _jT-1221-F-13 |
||
| 999 |
_c52360 _d52360 |
||